Using your digital SLR camera in simple steps / (Record no. 18813)

MARC details
000 -LEADER
fixed length control field 00857cam a2200241 a 4500
005 - DATE AND TIME OF LATEST TRANSACTION
control field 20230623120756.0
008 - FIXED-LENGTH DATA ELEMENTS--GENERAL INFORMATION
fixed length control field 110926s2012 enka f 000 0 eng
010 ## - LIBRARY OF CONGRESS CONTROL NUMBER
LC control number 2011038681
020 ## - INTERNATIONAL STANDARD BOOK NUMBER
ISBN 9780273761105 (pbk.)
040 ## - CATALOGING SOURCE
Original cataloging agency DLC
Transcribing agency DLC
042 ## - AUTHENTICATION CODE
Authentication code pcc
082 00 - DEWEY DECIMAL CLASSIFICATION NUMBER
Classification number 771.3
Edition number 23
Item number BEN-U
100 1# - MAIN ENTRY--AUTHOR
Author Name Benjamin, Louis.
245 10 - TITLE STATEMENT
Title Using your digital SLR camera in simple steps /
Statement of responsibility, etc. Louis Benjamin.
260 ## - PUBLICATION, DISTRIBUTION, ETC.
Place of Publication Harlow ;
-- New York :
Name of publisher, distributor, etc. Pearson Education,
Date of publication, distribution, etc. 2012.
300 ## - PHYSICAL DESCRIPTION
Pages 199 p. :
650 #0 - SUBJECT ADDED ENTRY--TOPICAL TERM
Subject / Department Digital cameras
Form subdivision Amateurs' manuals.
650 #0 - SUBJECT ADDED ENTRY--TOPICAL TERM
Subject / Department Photography
General subdivision Digital techniques
Form subdivision Amateurs' manuals.
650 #0 - SUBJECT ADDED ENTRY--TOPICAL TERM
Subject / Department Single-lens reflex cameras
Form subdivision Amateurs' manuals.
300 ## - PHYSICAL DESCRIPTION
-- col. ill. ;
-- 24 cm.
906 ## - LOCAL DATA ELEMENT F, LDF (RLIN)
a 7
b cbc
c orignew
d 1
e ecip
f 20
g y-gencatlg
952 ## - LOCATION AND ITEM INFORMATION (KOHA)
-- 0
-- 0
Holdings
Lost status Damaged status Permanent Location Current Location Shelving Location Date acquired Full Call Number Accession No./Barcode Date last seen item type
    Superior Information Resource Center (SIRC) Superior University- Gold Campus Superior Information Resource Center (SIRC) Superior University- Gold Campus Photography 06/23/2023 771.3 BEN-U 2012 19391 06/23/2023 BOOK

Powered by Koha